| 000 | 01052cam a2200337 a 4500 | ||
|---|---|---|---|
| 001 | 13562 | ||
| 003 | BD-RjUL | ||
| 005 | 20211208235455.0 | ||
| 008 | 140201m20012000nyu 000 1 eng | ||
| 020 | _a037570745X | ||
| 035 | _a(BD-RjUL)13614 | ||
| 040 |
_aDLC _cDLC _dDLC _beng |
||
| 041 | _aeng | ||
| 082 | 0 | 0 |
_a813.54 _221 _bLEI 2001 |
| 100 | 1 |
_aLent, Jeffrey. _942383 |
|
| 245 | 1 | 0 |
_aIn the fall / _cJeffrey Lent. |
| 250 | _a1st ed. | ||
| 260 |
_aNew York : _bAtlantic Monthly Press, _c2001. |
||
| 300 |
_a542 p. ; _c24 cm. |
||
| 650 | 0 |
_aAfrican American women _vFiction. _942384 |
|
| 650 | 0 |
_aRacially mixed people _vFiction. _942385 |
|
| 650 | 0 |
_aInterracial marriage _vFiction. _942386 |
|
| 650 | 0 |
_aRace relations _vFiction. _942387 |
|
| 651 | 0 |
_aUnited States _xHistory _yCivil War, 1861-1865 _xVeterans _vFiction. _942388 |
|
| 651 | 0 |
_aVermont _vFiction. _942389 |
|
| 655 | 7 |
_aHistorical fiction. _2gsafd _942392 |
|
| 655 | 7 |
_aDomestic fiction. _2lcsh _942393 |
|
| 942 |
_2ddc _cBK |
||
| 999 |
_c13562 _d13562 |
||